000 00546nam a2200205Ia 4500
005 20250923145947.0
008 008 250917s9999 xx 000 0 eng d
037 _aTextual
040 _aDSWL
_beng
_cDSWL
041 _aeng
_2eng
084 _aY15x2, N96
_qDSWL
245 0 _aSocial Structure and Change
_cEd. by A.M. Shah
260 _aNew Delhi
_bSage Publication
_c1996
300 _a214 p.
365 _aINR
_b265.00
490 _vVol. II
925 _g265.00
942 _cTEXL
_hY15x2, N96
999 _c1457850
_d1457850